| 000 | 00955nam a2200217 i 4500 | ||
|---|---|---|---|
| 001 | 24332 | ||
| 003 | ES-MaACL | ||
| 005 | 20240312062528.0 | ||
| 007 | t| | ||
| 008 | 021217s1922 sp ||||1| spa d | ||
| 100 | 1 |
_aAntolín Pajares, Guillermo. _921925 |
|
| 245 | 1 | 3 |
_aLa encuadernación del libro en España _b: [conferencia leída en el Ateneo de Madrid el día 9 de marzo, cuarta de la serie organizada por la Sección de Artes Plásticas, acerca del libro en España / _cGuillermo Antolín y Pajares]. |
| 260 |
_a[S.l.] : _bDe la Ciudad de Dios, _c[1922] |
||
| 300 |
_aP. [421]-449 ; _c24 cm. |
||
| 500 | _aSeparata de la revista de "La ciudad de Dios" | ||
| 610 | 2 | 4 |
_aAteneo de Madrid- _vConferencias- _y1900-1939 _91907 |
| 650 | 0 | 4 |
_aEncuadernación- _zEspaña. _912242 |
| 710 | 2 |
_aAteneo de Madrid. _bSección de Artes Plásticas. _91970 |
|
| 852 |
_aES-MaACL _j1635-F-5 _z.- Dedicatoria manuscrita de P. Artiñano |
||
| 999 |
_c24332 _d24332 |
||